Online
Catalog

El proyecto del Padre / (Record no. 6780)

MARC details
000 -CABECERA
campo de control de longitud fija 00467nam a2200169 a 4500
001 - NÚMERO DE CONTROL
campo de control 000006996
005 - FECHA Y HORA DE LA ÚLTIMA TRANSACCIÓN
campo de control 20250217092805.0
008 - DATOS DE LONGITUD FIJA--INFORMACIÓN GENERAL
campo de control de longitud fija 090904s2005 dr 000 0 spa d
040 ## - FUENTE DE LA CATALOGACIÓN
Centro catalogador/agencia de origen DO-SdBNP
Lengua de catalogación spa
Centro/agencia transcriptor BNPHU
082 ## - NÚMERO DE LA CLASIFICACIÓN DECIMAL DEWEY
Número de clasificación xxx
Número de documento/Ítem J91p
100 1# - ENTRADA PRINCIPAL--NOMBRE DE PERSONA
Nombre de persona Juanes, Benigno
Fechas asociadas al nombre 1916-2009
9 (RLIN) 442
245 13 - MENCIÓN DE TÍTULO
Título El proyecto del Padre /
Mención de responsabilidad, etc. Benigno Juanes.
260 ## - PUBLICACIÓN, DISTRIBUCIÓN, ETC.
Lugar de publicación, distribución, etc. Santo Domingo, :
Nombre del editor, distribuidor, etc. Amigo del Hogar,
Fecha de publicación, distribución, etc. 2005.
300 ## - DESCRIPCIÓN FÍSICA
Extensión 190 p. ;
Dimensiones 20 cm.
490 1# - MENCIÓN DE SERIE
Mención de serie SENDA
830 #0 - PUNTO DE ACCESO ADICIONAL DE SERIE-TÍTULO UNIFORME
Título uniforme SENDA
9 (RLIN) 12405
Holdings
Estado de retiro Estado de pérdida Restricciones de uso No para préstamo Código de colección Localización permanente Ubicación/localización actual Ubicación en estantería Fecha de adquisición Número de inventario Total de préstamos Signatura topográfica completa Código de barras Fecha visto por última vez Número de copia Precio válido a partir de Tipo de ítem Koha
        Dominicana de Servicio General General En catalogación 02.02.2011 LF1   xxx J91p 6996-30 25.06.2020 e. 3 25.06.2020 Libro y Folleto Colección Dominicana de Servicio
        Dominicana de Servicio General General En catalogación 02.02.2011 LF1   xxx J91p 6996-40 25.06.2020 e. 4 25.06.2020 Libro y Folleto Colección Dominicana de Servicio
      Excluido de préstamo Patrimonio Dominicano Patrimonio Dominicano Patrimonio Dominicano En catalogación 04.09.2009 LF1   xxx J91p 6996-10 25.06.2020   25.06.2020 Libro y Folleto Colección Patrimonio Dominicano
      Excluido de préstamo Patrimonio Dominicano Patrimonio Dominicano Patrimonio Dominicano En catalogación 02.02.2011 LF1   xxx J91p 6996-20 25.06.2020 e. 2 25.06.2020 Libro y Folleto Colección Patrimonio Dominicano

Powered by Koha